| 000 | 00568nam a22002057a 4500 | ||
|---|---|---|---|
| 003 | 0 | ||
| 005 | 20240920132712.0 | ||
| 008 | 240920b xxu||||| |||| 00| 0 eng d | ||
| 020 | _a978-621-409-186-7 | ||
| 050 |
_aBF 199 _b.F73 2022 |
||
| 100 | _aFrando, Milagros F. | ||
| 245 |
_aUnderstanding the self _cFrando, Milagros F. |
||
| 250 | _a2nd ed. | ||
| 260 |
_aMandaluyong City _bBooks atbp. publishing _cC2022 |
||
| 300 |
_ax,258p. _bill.: _c22cm. |
||
| 500 | _aPersonality. | ||
| 500 | _aSelf-perception. | ||
| 650 | _aIncludes bibliography. | ||
| 942 |
_2lcc _cBK |
||
| 999 |
_c366282 _d366282 |
||